| 000 | 00558nam a2200205 u 4500 | ||
|---|---|---|---|
| 005 | 20240427063709.0 | ||
| 008 | 100628s1998 r 000 0 eng d | ||
| 020 | _a8426125859 | ||
| 035 | _aUPN01000177018 | ||
| 049 | _aCG | ||
| 050 | 4 |
_aG439 _bD8.2 |
|
| 100 | 1 | _aDumas, Vito | |
| 245 | 1 | 4 |
_aLos cuarenta bramadores / _cVito Dumas. |
| 260 |
_aBarcelona, Esp. : _bJuventud, _c1998. |
||
| 300 |
_a226 p. : _bil. |
||
| 440 | 0 | _aViajes y expediciones | |
| 650 | 4 |
_aViajes alrededor del mundo _917572 |
|
| 650 | 4 |
_aVIAJES MARITIMOS _917573 |
|
| 905 | _aLibro | ||
| 999 |
_c149121 _d149121 |
||